ՀՀ Գիտությունների ազգային ակադեմիայի հիմնարար գիտական գրադարան  =   Fundamental Scientific Library of NAS RA

Hamşen Ermenileri tarihinden sayfalar / (Record no. 194062)

MARC details
000 -LEADER
fixed length control field 00837nam a2200265 u 4500
001 - CONTROL NUMBER
control field 000521732
003 - CONTROL NUMBER IDENTIFIER
control field AM-YeHGA
005 - DATE AND TIME OF LATEST TRANSACTION
control field 20250617135117.0
008 - FIXED-LENGTH DATA ELEMENTS--GENERAL INFORMATION
fixed length control field 070220s1996 tu r 000 0 tur d
020 ## - INTERNATIONAL STANDARD BOOK NUMBER
International Standard Book Number 9753441258
040 ## - CATALOGING SOURCE
Original cataloging agency AM-YeHGA
041 1# - LANGUAGE CODE
Language code of text/sound track or separate title tur
Language code of summary or abstract arm
090 ## - LOCALLY ASSIGNED LC-TYPE CALL NUMBER (OCLC); LOCAL CALL NUMBER (RLIN)
-- 195536
100 1# - MAIN ENTRY--PERSONAL NAME
Personal name Haçikyan, Levon.
245 10 - TITLE STATEMENT
Title Hamşen Ermenileri tarihinden sayfalar /
Statement of responsibility, etc. Levon Haçikyan ; Ermeniceden çeviren ve yayıma hazırlayan : Bagdik Avedisyan.
246 14 - VARYING FORM OF TITLE
Title proper/short title Hemşin gizemi
250 ## - EDITION STATEMENT
Edition statement [1. baskı]
260 ## - PUBLICATION, DISTRIBUTION, ETC.
Place of publication, distribution, etc. Sultanahmet, Istanbul :
Name of publisher, distributor, etc. Belge yayinlari,
Date of publication, distribution, etc. [1996].
300 ## - PHYSICAL DESCRIPTION
Extent 112 p. :
Other physical details [8] l. ill. ;
Dimensions 21 cm.
440 #0 - SERIES STATEMENT/ADDED ENTRY--TITLE
Title Marenostrum dizisi
504 ## - BIBLIOGRAPHY, ETC. NOTE
Bibliography, etc. note Includes bibliogr. references and index.
650 14 - SUBJECT ADDED ENTRY--TOPICAL TERM
Topical term or geographic name entry element History
General subdivision Armenians
650 14 - SUBJECT ADDED ENTRY--TOPICAL TERM
Topical term or geographic name entry element Armenians
General subdivision History
700 1# - ADDED ENTRY--PERSONAL NAME
Personal name Avedisyan, Bagdik.
Relationship trl
-- edt
Holdings
Withdrawn status Lost status Damaged status Not for loan Collection Home library Current library Date acquired Shelving control number Total checkouts Full call number Barcode Date last seen Price effective from Koha item type Public note
        General Fundamental Scientific Library Fundamental Scientific Library 28/12/2016     И 2/113348 320113348 28/12/2016 28/12/2016 Գրքեր / Books 30 Days Loan


ՀՀ ԳԱԱ հիմնարար գիտական գրադարան
ՀՀ,Երևան 0019
Մարշալ Բաղրամյան 24/6
հեռախոս:(374-10) 52-47-50
Հետադարձ կապ

All site content, except where otherwise noted, is licensed under a
Creative Commons License